HARPER'S ILLUSTRATED (Record no. 65356)
[ view plain ]
| 000 -LEADER | |
|---|---|
| fixed length control field | 00304nam a22001337a 4500 |
| 008 - FIXED-LENGTH DATA ELEMENTS--GENERAL INFORMATION | |
| fixed length control field | 250311b |||||||| |||| 00| 0 eng d |
| 020 ## - ISBN | |
| International Standard Book Number | 9781264795673 |
| 040 ## - CATALOGING SOURCE | |
| Original cataloging agency | IIMT University College of Medical Sciences |
| 100 ## - MAIN ENTRY--PERSONAL NAME | |
| Personal name | PETER,J. |
| 245 ## - TITLE STATEMENT | |
| Title | HARPER'S ILLUSTRATED |
| 260 ## - PUBLICATION, DISTRIBUTION, ETC. (IMPRINT) | |
| Place of publication, distribution, etc | NEW YARK |
| Name of publisher, distributor, etc | MC GRAW HILL |
| Date of publication, distribution, etc | 2023 |
| 300 ## - PHYSICAL DESCRIPTION | |
| Pages | 802 |
| 942 ## - ADDED ENTRY ELEMENTS (KOHA) | |
| Koha item type | Text-Book- for 7 days |
| 952 ## - LOCATION AND ITEM INFORMATION (KOHA) | |
| -- | 2025-03-11 |
| Withdrawn status | Lost status | Source of classification or shelving scheme | Damaged status | Not for loan | Location (home branch) | Sublocation or collection (holding branch) | Date acquired | Source of Acquisition | Koha issues (times borrowed) | Koha full call number | Accession No. | Koha date last seen | Koha item type |
|---|---|---|---|---|---|---|---|---|---|---|---|---|---|
| IIMT University College of Medical Sciences | IIMT University College of Medical Sciences | 03/11/2025 | SAVERA | 612.015(KEN) | 02-B-14829 | 03/11/2025 | Text-Book- for 7 days |

